RESEARCH METHODS FOR GENERALIST SOCIAL WORK (Record no. 2081)
[ view plain ]
| 000 -LEADER | |
|---|---|
| fixed length control field | nam a22 a 4500 |
| 005 - DATE AND TIME OF LATEST TRANSACTION | |
| control field | 20170526165525.0 |
| 008 - FIXED-LENGTH DATA ELEMENTS--GENERAL INFORMATION | |
| fixed length control field | 170515b1998 - ||||| |||| 00| 0 eng d |
| 020 ## - INTERNATIONAL STANDARD BOOK NUMBER | |
| International Standard Book Number | 0534349536 |
| 040 ## - CATALOGING SOURCE | |
| Original cataloging agency | AKMAL |
| 082 ## - DEWEY DECIMAL CLASSIFICATION NUMBER | |
| Classification number | 361.0072 MAR |
| 090 ## - LOCALLY ASSIGNED LC-TYPE CALL NUMBER (OCLC); LOCAL CALL NUMBER (RLIN) | |
| Classification number (OCLC) (R) ; Classification number, CALL (RLIN) (NR) | 361.0072 |
| Local cutter number (OCLC) ; Book number/undivided call number, CALL (RLIN) | MAR |
| 245 ## - TITLE STATEMENT | |
| Title | RESEARCH METHODS FOR GENERALIST SOCIAL WORK |
| Statement of responsibility, etc. | CHRISTINE MARLOW |
| 250 ## - EDITION STATEMENT | |
| Edition statement | SECOND EDITION |
| 260 ## - PUBLICATION, DISTRIBUTION, ETC. | |
| Place of publication, distribution, etc. | UNITED STATE OF AMERICA |
| Name of publisher, distributor, etc. | BROOKS/COLE |
| Date of publication, distribution, etc. | 1998 |
| 300 ## - PHYSICAL DESCRIPTION | |
| Dimensions | cm |
| 599 ## - LOCAL NOTE | |
| Local Note | DALAM PROSES |
| 942 ## - ADDED ENTRY ELEMENTS (KOHA) | |
| Source of classification or shelving scheme | |
| Koha item type | Book |
| Withdrawn status | Lost status | Source of classification or shelving scheme | Damaged status | Not for loan | Collection code | Home library | Current library | Shelving location | Date acquired | Inventory number | Total Checkouts | Full call number | Barcode | Date last seen | Price effective from | Koha item type |
|---|---|---|---|---|---|---|---|---|---|---|---|---|---|---|---|---|
| NON-FICTION | AKMAL Melaka | AKMAL Melaka | PINJAMAN | 15.05.2017 | 303274 | 361.0072 MAR | 201706292 | 15.05.2017 | 15.05.2017 | Book |
